000 00333nam a22001457a 4500
003 SGT
082 _a616.07
_bD90F
100 _aFIRKIN, FRANK
245 _aDE GRUCHY'S CLINICAL HEMATOLOGY IN MEDICAL PRACTICE
250 _a5TH
260 _aINDIA
_bOXFORD PUB
_c1990
300 _a524
650 _aPATHOLOGY
942 _2ddc
_cRARE
999 _c29185
_d29185